000 00767nam a22001815i 4500
001 168020
003 ES-MaACL
005 20230906213645.0
008 960320s1817 fr |||| | eng d
040 _aCARM
_bspa
_cCCPB | SIC
080 _a821.111-992"17"
100 1 _aMontagu, Mary Wortley
_cLady (
_d1689-1762)
_9146863
245 1 0 _aLetters of lady Mary Wortley Montagne written during her travels in Europe, Asia, and Africa
_b: to which are added poems by the same author.
250 _aStereotype edition according to the process of Firmin Didot.
260 _aParis :
_b[s.n.],
_c1817 (
_fAt the printing office and stereotype foundery of P. Didot the elder, and of F. Didot)
300 _a320 p. ;
_c14 cm.
852 _aES-MaACL
_jD-4030
_z-- Enc. tela
999 _c168020
_d168020